00552nam a2200193Ia 4500008004100000020001800041082000800059100001400067245003200081250000600113260002800119300001500147500002400162650001500186700004300201942000700244952009000251999001700341230524s9999 xx 000 0 und d a9789350142004 bGUP aJ.B.Gupta 0aElements of Electric Drives a1 aNew DelhibKatsonc2011 a"IX,303p;" aQuantity Number: 1 aElectrical a"Rajeev Manglik, Rohit Manglik"941956 cBK 00104070aTATCLbTATCLcGENd2023-05-24l0o GUPp53818r2023-05-24w2023-05-24yBK c56372d56372